| 000 | 00963aam a2200373a 44500 | ||
|---|---|---|---|
| 008 | 940222s1993 cat | ||
| 017 | _aV-3143-1993 | ||
| 020 | _a848759316X | ||
| 041 | _acat | ||
| 041 | _bspa | ||
| 080 | _a34(038) | ||
| 245 | _aVocabulari de dret | ||
| 260 | _aValència | ||
| 260 | _bColomar | ||
| 260 | _bGeneralitat Valenciana. Conselleria d'Educació i Ciència | ||
| 260 | _c1993 | ||
| 300 |
_a63 p _c11 cm. |
||
| 490 |
_aLlenguatges específics. Sèrie menor; _v2 |
||
| 500 | _aCategoria gramatical | ||
| 500 | _aVocabulari castellà-valencià | ||
| 520 | _a220 | ||
| 546 | _acatalà | ||
| 591 | _a3942 | ||
| 592 | _aObra terminològica | ||
| 593 | _aMA | ||
| 594 | _a3942 | ||
| 650 |
_adret _960548 |
||
| 830 |
_aLlenguatges específics. Sèrie menor; _v2 _961683 |
||
| 901 | _c<1993> | ||
| 902 | _a940222 | ||
| 942 |
_cMO _n0 |
||
| 999 |
_c51717 _d51717 |
||